01750nam a22004097a 4500003000500000005001700005008004100022010001000063011001000073035001000083040000900093090001000102100004300112245015600155260004000311300003000351502010900381590003700490590004100527590004100568590004100609590004100650590004100691590004100732590004200773650002800815650002700843650003700870650003400907901000700941942000900948949004300957949005501000999001701055952014001072952012801212CHAP20220329133846.0971013s1986 r 00010 d a11899 a12871 a16602 cCHAP aTesis00aVillanueva Marrufo, Alfonso E.9119501 aPrueba de insecticidas para el control de la broca del grano de café Hypothenemus hampei (Ferrari) (Coleóptera Scolytidae) en el Soconusco, Chiapas aChapingo, Méx. :bEl autor,c1986 a94 h.b; gráfs. ; mapas aTesis (Ing. Agr. Esp. en Parasitología Agrícola) -- UACH. Departamento de Parasitología Agrícola aALEPHb10c20130110lUCH01h1230 aBATCH-UPDb10c20130109lUCH01h2348 aBATCH-UPDb10c20130110lUCH01h0308 aBATCH-UPDb10c20130110lUCH01h2031 aBATCH-UPDb10c20130409lUCH01h1919 aBATCH-UPDb10c20130410lUCH01h1347 aBATCH-UPDb10c20130914lUCH01h0810 aCONVERSIONb10c20130109lUCH01h130814aCaféxChiapas.91711514aCaféxPlagas.91718114aInsecticidasxAnálisis.95885614aStephanoderes hampei.9109658 aBK cFOLL bBCcTESd-154022eTS1h18814i16602si bBCcTESd33724000667713eTS2fc.2h18815i16602si c11899d11899 00102local4053708TESISaBCbBCcPA_TESISd2019-12-31fTESISl0oTesisp33724000667713r2019-12-31 00:00:00tc.2w2019-12-31yTESIS 00102local4051708TESISaBCbBCcPA_TESISd2019-12-31fTESISl0oTesisp-154022r2019-12-31 00:00:00w2019-12-31yTESIS